01448nam a2200277 i 4500001001000000003000900010005001700019007000300036008004100039040003000080082003000110100004700140245008400187264003900271300002800310336002700338337003300365338002800398500007200426500007300498500003400571504004000605505042900645650004701074650004901121000008363DO-SdBPM20250918094831.0ta090916s2000 dr 000 0 spa d aDO-SdBPMbspacBPMSUerda 4a338.97293bM538c 20002221 aMéndez, Francisco Antonio,d1960-eautor13aLa capitalización :bdatos, cifras y conceptos /cFrancisco Antonio Méndez. aSanto Domingo :bCentenarioc2000. a178 páginas ;c23 cm. 2rdacontentatextobtxt 2rdamediaasin mediaciónbn 2rdacarrieravolumenbnc aIncluye datos biográficos del autor en la solapa. de la cubierta  aIncluye referencias bibliográficas y notas al pie de las páginas aIncluye índice temático,  aBibliografías : páginas 173-1780 aI. Argumentaciones conceptuales de la capitalización, 17 -- II. Aspectos técnicos y financieros de la capitalización de la industria eléctrica, 31 -- III. El proceso de capitalización, 67 -- IV. Algunos aspectos legales del proceso de capitalización, 115 -- V. Diferenciación conceptual entre privatización y capitalización, 141 -- VI. Evaluación del proceso de capitalización, 159 -- Referencias, 173. 7aEmpresas estataleszRepública Dominicana 7aAhorro e inversiónzRepública Dominicana